| 000 | 00349nam a2200133Ia 4500 | ||
|---|---|---|---|
| 008 | 230818s1994 xx 000 0 und d | ||
| 041 | _aeng | ||
| 100 | _aPeter Jones | ||
| 245 | _aManaging Project in hospitality Operations | ||
| 260 |
_bCassell _c1994 |
||
| 300 | _a264p | ||
| 520 | _aHard Board | Reference Copy | ||
| 999 |
_c854046 _d854046 |
||
| 650 | _aMarketing Management | ||